ENGAGE (Record no. 105003)
[ view plain ]
| 000 -LEADER | |
|---|---|
| fixed length control field | 01263cam a2200289 4500 |
| 001 - CONTROL NUMBER | |
| control field | ##L132068 |
| 008 - FIXED-LENGTH DATA ELEMENTS--GENERAL INFORMATION | |
| fixed length control field | 051221n2004 000 0 eng u |
| 020 ## - INTERNATIONAL STANDARD BOOK NUMBER | |
| International Standard Book Number | 0860176274 |
| 035 ## - SYSTEM CONTROL NUMBER | |
| System control number | (Sirsi) u132068 |
| 041 0# - LANGUAGE CODE | |
| Language code of text/sound track or separate title | eng |
| 050 04 - LIBRARY OF CONGRESS CALL NUMBER | |
| Classification number | 691 $2 18 |
| 100 1# - MAIN ENTRY--PERSONAL NAME | |
| Personal name | Sommer, F. |
| 245 00 - TITLE STATEMENT | |
| Title | ENGAGE |
| Remainder of title | how to deliver socially responsible construction |
| -- | a client's guide |
| 260 ## - PUBLICATION, DISTRIBUTION, ETC. | |
| Place of publication, distribution, etc. | London |
| Name of publisher, distributor, etc. | CIRIA |
| Date of publication, distribution, etc. | 2004 |
| 300 ## - PHYSICAL DESCRIPTION | |
| Extent | 69p. |
| Dimensions | 30cm |
| 490 #0 - SERIES STATEMENT | |
| Series statement | CIRIA |
| Volume/sequential designation | C627 |
| 520 ## - SUMMARY, ETC. | |
| Summary, etc. | Guidance on how to build in a socially responsible way; putting principles such as inclusiveness, transparency and responsiveness at the heart of a construction project while retaining a focus on business benefits. Gives an overview of the growth in social responsibility and its importance for construction projects. Outlines business benefits of improving practices and gives case studies. To be used in conjunction with the ENGAGE web-based navigator www.engageweb.org. |
| 651 #4 - SUBJECT ADDED ENTRY--GEOGRAPHIC NAME | |
| Geographic name | United Kingdom |
| Chronological subdivision | |
| 690 ## - LOCAL SUBJECT ADDED ENTRY--TOPICAL TERM (OCLC, RLIN) | |
| Topical term or geographic name as entry element | BUILT ENVIRONMENT-SUSTAINABLE CONSTRUCTION |
| 700 1# - ADDED ENTRY--PERSONAL NAME | |
| Personal name | Bootland, J. |
| 700 1# - ADDED ENTRY--PERSONAL NAME | |
| Personal name | Hunt, M. |
| 700 1# - ADDED ENTRY--PERSONAL NAME | |
| Personal name | Khurana, A. |
| 700 1# - ADDED ENTRY--PERSONAL NAME | |
| Personal name | Reid, S. |
| 700 1# - ADDED ENTRY--PERSONAL NAME | |
| Personal name | Wilson, Sarah |
| 710 2# - ADDED ENTRY--CORPORATE NAME | |
| Corporate name or jurisdiction name as entry element | Construction Industry Research and Information Association |
| 9 (RLIN) | 4810 |
| 942 ## - ADDED ENTRY ELEMENTS (KOHA) | |
| Suppress in OPAC | 0 |
| Withdrawn status | Lost status | Source of classification or shelving scheme | Damaged status | Not for loan | Home library | Current library | Shelving location | Date acquired | Total Checkouts | Full call number | Barcode | Date last seen | Date last checked out | Copy number | Price effective from | Koha item type |
|---|---|---|---|---|---|---|---|---|---|---|---|---|---|---|---|---|
| Dewey Decimal Classification | London | London | Folio | 22/12/2005 | 1 | F691 SOM | 30071781 | 06/08/2019 | 12/02/2007 | 1 | 06/08/2019 | Book |